000 00557nam a22002297a 4500
003 UA-OsUOA
001 38796
007 ta
008 20080218b un ||||| |||| 00| 0 ukr d
100 _aЛавренко М.
090 _a82-1
_bЛ13
942 _cBK
040 _aUA-OsUOA
_bukr
_cUA-OsUOA
_dUA-OsUOA
245 _aПерша копа
300 _a98 с.
955 _a3
041 _aukr
080 _a82-1
260 _aНовий Йорк
_c1970
650 7 _a82 Література. Літературознавство
_2UDC
999 _c437309
_d437309